000 00624nam a2200265Ia 4500
005 20260306163945.0
008 008 260114s9999 xx 000 0 eng d
020 _a9781399501828
037 _aEBOOK
040 _aCRL
040 _beng
040 _cCRL
041 _2eng
041 _aeng
084 _qCRL
100 _aGilmore
245 4 _aThe Confederate Jurist: The Legal Life Of Judah P. Benjamin
260 _bEdinburgh University Press
260 _c2022
650 _aLaw
856 _uhttps://academic.oup.com/book/42863
942 _cEBOOK
999 _c1712180
_d1712180